Historia de la reforma protestante en Inglaterra e Irlanda (Registro nro. 303111)

Detalles MARC
000 -ENCABEZADO
Número de control [NR] 01424nam a2200241 4500
005 - FECHA Y HORA DE LA ÚLTIMA TRANSACCIÓN
control field 20160404142319.0
008 - DE LONGITUD FIJA DE DATOS DE ELEMENTOS - INFORMACIÓN GENERAL
Elementos de longitud fija [NR] 160404s1827 sp ||||fr|||| 001 0 spa d
040 ## - FUENTE DE CATALOGACION [NR]
Agencia de catalogación original [NR] CO-BoUCM
Idioma de catalogación [NR] spa
Quien Cataloga Sandra Yazo
Quien Clasifica Sandra Yazo
041 1# - CODIGO DE IDIOMA [R]
Código de idioma para texto/pista de sonido o título separado [R] Español
082 04 - NUMERO DE CLASIFICACION DECIMAL DEWEY [R]
Número de la edición [NR] 20
Número de clasificación [R] 280.4
092 ## - SIGNATURA TOPOGRAFICA LOCAL
Número de clasificación local E39N004
100 1# - ASIENTO PRINCIPAL--NOMBRE PERSONAL [NR]
Nombre personal [NR] Cobbett, William
Fechas asociadas con el nombre [NR] 1763-1835
ID Autoridad 76433
245 10 - MENCION DE TITULO [NR]
Título [NR] Historia de la reforma protestante en Inglaterra e Irlanda
Parte restante del título [NR] En la cual se demuestra que dicha reforma ha empobrecido y degradado la masa del pueblo en ambos países ...
Mención de responsabilidad, etc. [NR] por Sir William Cobbett ; Traducida del inglés al castellano ... por ... Alfonso Chalumeau de Verneuil
260 ## - PUBLICACION, DISTRIBUCION, ETC. (PIE DE IMPRENTA) [R]
Lugar de publicación, distribución, etc. [R] Madrid (España)
Nombre del editor, distribuidor, etc. [R] Imprenta y librería de Sancha
Fecha de publicación, distribución, etc. [R] 1827
300 ## - DESCRIPCION FISICA [R]
Extensión [R] 2 volúmnes (xviii, 342 ; 388 páginas)
Dimensiones [R] 18 x 12 cm.
500 ## - NOTA GENERAL [R]
Nota general [NR] Detalles físicos: Encuadernación rígida en cartón forrado en cuero. Lomo con tejuelos pintados, adornos en dorado y repujados. Guardas en papel de agua. Anteportada, al verso una firma. Portada impresa en una sola tinta. Cenefas. Texto impreso en una sola columna, algunas notas al pie de página. Papel con algunas manchas. Ejemplares en buen estado de conservación
505 2# - NOTA DE CONTENIDO CON FORMATO PREESTABLECIDO [R]
Nota de contenido con formato preestablecido [NR] V.1: carta 1 – 8 ; V.2: Carta 9 – 16
506 ## - NOTA DE RESTRICCIONES DE ACCESO [R]
Condiciones de acceso [NR] Consulta en sala
650 #7 - ASIENTO SECUNDARIO DE MATERIA - TERMINO TEMATICO [R]
9 (RLIN) 23300
Término temático o nombre geográfico como elemento de entrada [NR] Reforma protestante
Subdivisión geográfica [R] Inglaterra
650 #7 - ASIENTO SECUNDARIO DE MATERIA - TERMINO TEMATICO [R]
9 (RLIN) 22679
Término temático o nombre geográfico como elemento de entrada [NR] Protestantismo
690 ## - ASUNTO AGREGADO LOCAL DE ENTRADA - TÉRMINO TEMÁTICO (OCLC, RLIN)
Acceso temático local Filosofía de la religión
9 (RLIN) 15775
942 ## - ELEMENTOS DE ENTRADA AGREGADOS (KOHA)
Sistema de clasificación LOCAL
Tipo de ítem principal el descrito en 300a Libro
Edición 1
Clasificación E39N004
Existencias
Suprimido Perdido Sistema de clasificación Dañado No prestable Tipo de ítem específico Ubicación habitual Ubicación actual Localización Fecha de creación Forma de adquisición Costo Volúmen / Fascículo Total préstamos Signatura topográfica Código de barras Última vez visto Ejemplar Price effective from Tipo de ítem
    LOCAL     Libro archivo Archivo Histórico Archivo Histórico Archivo histórico 04/04/2016 Donación 0.00 V.1   E39N004 L005467 04/04/2016 Ej.1 04/04/2016 Libro
    LOCAL     Libro archivo Archivo Histórico Archivo Histórico Archivo histórico 04/04/2016 Donación 0.00 V.2   E39N004 L005468 04/04/2016 Ej.1 04/04/2016 Libro